000 00766nam a22002537a 4500
003 dpl
005 20180712160303.0
008 180603b xxu||||| |||| 00| 0 eng d
010 _aB-163284
020 _a9780195660456
_c225.00
035 _aB-163284, B-163288, B-163285
037 _bCen Lib/Ret
040 _aDPL
_bEN
_c0
082 _a499.27
_bCAR
100 _aCarter, M.G.
_921978
245 _aSibawayhi /
_cby M.G.Carter
260 _aNew Delhi
_bOxford university press
_c2004
270 _aYMCA Library building Jai Singh Road
_bNew Delhi
_e110001
300 _a159p.
_c21cm(pbk)
500 _aIncludes index
650 _aLinguistics
_921979
650 _a Sibawayhi-Arabic Grammar
_921980
942 _2ddc
_cEN
_h499.27
_mCAR
999 _c127941
_d127941